000 00296nam a2200109Ia 4500
008 200302s9999 xx 000 0 und d
100 _aGeraint John & Others
245 _aIce Rinks & Swimming Pools Handbook Vol 3 2nd ed.
260 _bArchitectural Press Ltd.
260 _c2000
300 _a245 P.,
999 _c1782
_d1782